| 000 | 00776nam a22002657a 4500 | ||
|---|---|---|---|
| 003 | CHAP | ||
| 005 | 20220329135409.0 | ||
| 008 | 971013s1975 r 00010 d | ||
| 010 | _a35691 | ||
| 011 | _a36663 | ||
| 035 | _a40782 | ||
| 040 | _cCHAP | ||
| 090 | _aFolleto 4470 | ||
| 110 |
_aMéxico. Secretaría de Obras Públicas _977202 |
||
| 245 | _aEstructuración de los pavimentos | ||
| 260 |
_aMéxico, D.F. : _bLa Secretaría, _c1975 |
||
| 300 | _a43 p | ||
| 590 |
_aBATCH-UPD _b10 _c20130110 _lUCH01 _h2128 |
||
| 590 |
_aCONVERSION _b10 _c20130109 _lUCH01 _h1320 |
||
| 650 | 1 | 4 |
_aPavimentos. _986289 |
| 901 | _aBK | ||
| 942 | _cFOLL | ||
| 949 |
_aFolleto 4470 _bBC _cFOLL _d-93209 _eTS1 _i40782 _mD _si |
||
| 949 |
_aFolleto 4470 _bBC _cFOLL _d-93210 _eTS2 _fc.2 _i40782 _mD _si |
||
| 999 |
_c35691 _d35691 |
||